01017cam a22003012 450000100060000000300080000600500170001400800410003102000150007203500190008704000370010604100080014308200180015109600220016910000390019124500590023025000120028926000400030130000330034150400500037465000230042465000230044770000520047070000290052294200120055199900170056395201350058032242BD-RjUL20211209051816.0140424t1962 maua b 001 0 eng d a039512638X a(BD-RjUL)32331 aDLCcDLCdLMSdEQOdBD-RjULbeng aeng04a150bMUI 1962 aBF 121 M966i 19721 aMunn, Norman Leslie,d1902-98838510aIntroduction to psychology /c[by] Norman L. Munn, L.  a4th ed. aBoston :bHoughton Mifflin,cc1962. axiv, 588 p. :bill ;c27 cm. aIncludes bibliographical reference and index. 0aPsychology.998117 2aPsychology.9981181 aFernald, L. Dodgeq(Lloyd Dodge),d1929-9892971 aFernald, Peter S.988357 2ddccBK c32242d32242 00102ddc40708NFICaRUCLbRUCLcStackd1965-09-23ezeithingerg58.00l0o150 MUI 1962r2014-04-24 00:00:00tC-3w2021-12-09yBK